000 00562nam a2200133Ia 4500
003 GCL
008 140319s9999 xx 000 0 ara d
040 _aGCL /
_cGCL
082 0 4 _a157
_bم ح
100 1 _aمحمد السيد الهابط
245 1 0 _aحول صحتك النفسية: الامراض النفسية - الامراض العقلية - مشكلات الاطفال وعلاجها وكيف تحافظ على صحتك النفسية /
_cمحمد السيد الهابط
300 _a292 ص
490 _aالهيئة العامة للاستعلامات
_v0
999 _c49289
_d49289